000 004730000a22001810004500
003 MACL
005 20160102114615.0
008 160102b xxu||||| |||| 00| 0 eng d
040 _aMACL
_cMACL
041 _aEnglish
082 _a574.19/ASI
100 _aAsimov, Isaac
_910230
245 _aThe Chemicals of Life
_benzymes vitamins hormones
260 _bG Bell & Sons Ltd
_c1956
_aLondon
350 _a15
650 _aLife Science
_926809
942 _cBK
_k574.19/ASI
_2ddc
999 _c34674
_d34674